Deep Learning with Python

Guardat en:
Dades bibliogràfiques
Autor principal: Francois Chollet
Format: Llibre
Publicat: Manning
Matèries:
Etiquetes: Afegir etiqueta
Sense etiquetes, Sigues el primer a etiquetar aquest registre!

MARC

LEADER 00000nam a2200000Ia 4500
005 20260427112654.0
526 |b Data Science 
100 |a Francois Chollet 
020 |a 9781633436589 
650 |a Deep Learning 
526 |a Bachelors 
942 |c BK 
245 |a Deep Learning with Python 
260 |b Manning 
999 |c 41  |d 41 
952 |0 0  |1 0  |4 0  |7 0  |8 2  |a BRISTOL  |b BRISTOL  |d 2026-04-22  |l 0  |p 000051  |r 2026-04-27 11:26:54  |w 2026-04-27  |y BK